000 00422nam a2200181Ia 4500
008 210210b1935 xxu||||| |||| 00| 0 eng d
041 _aeng
082 _a824/359
100 _aWILSON (J D)
245 _aWhat happens in Hamlet
260 _aCambridge
_bAt the University Press
_c1935
650 _aWhat
650 _ain
650 _ahappens
650 _aHamlet
690 _aEnglish Criticism
906 _a014309
999 _c133464
_d133464